000 00512nam a2200205Ia 4500
005 20250425162837.0
008 250425s9999 xx 000 0 und d
020 _a9781292077406
041 _aeng
082 _a577
_pSMI
100 _aSmith, Thomas M.
245 0 _aElements of ecology
_cThomas M. Smith, Robert Leo Smith
250 _a9th ed.
260 _aHarlow
_bPearson
_c2015
300 _a704 páginas
650 _aEcología
700 _aSmith, Robert Leo
942 _c01
010 _a112421
999 _c237571
_d237571